
Library Catalogue

| 000 -LEADER | |
|---|---|
| fixed length control field | 00414nam a2200157Ia 4500 |
| 008 - FIXED-LENGTH DATA ELEMENTS--GENERAL INFORMATION | |
| fixed length control field | 160316s1993 xxu||||| |||| 00| 0 eng d |
| 082 ## - DEWEY DECIMAL CLASSIFICATION NUMBER | |
| Classification number | 658.014000 |
| Item number | DUN |
| 100 ## - MAIN ENTRY--PERSONAL NAME | |
| Personal name | Dunham Andrea |
| 245 ## - TITLE STATEMENT | |
| Title | Unique value : The secret of all great business strategies |
| 250 ## - EDITION STATEMENT | |
| Edition statement | |
| 260 ## - PUBLICATION, DISTRIBUTION, ETC. | |
| Place of publication, distribution, etc. | New York |
| Name of publisher, distributor, etc. | Macmillan Publishing Co. |
| Date of publication, distribution, etc. | 1993 |
| 300 ## - PHYSICAL DESCRIPTION | |
| Extent | 288p |
| Other physical details | |
| Dimensions | xxii |
| 365 ## - TRADE PRICE | |
| Price amount | |
| 650 ## - SUBJECT ADDED ENTRY--TOPICAL TERM | |
| Topical term or geographic name entry element | |
| 700 ## - ADDED ENTRY--PERSONAL NAME | |
| Personal name | Marcus Barry |
| -- | |
| Withdrawn status | Lost status | Damaged status | Not for loan | Home library | Current library | Shelving location | Date acquired | Total Checkouts | Full call number | Barcode | Date last seen | Price effective from | Koha item type |
|---|---|---|---|---|---|---|---|---|---|---|---|---|---|
| . | . | Xerox Bound Volumes | 30.05.2017 | 658.014 DUN | XB74 | 30.05.2017 | 30.05.2017 | Rare collections |